| 000 | 01147nam0a22002771 4500 | ||
|---|---|---|---|
| 001 | rc\2218357 | ||
| 005 | 20110829175806.3 | ||
| 035 | _a(NLR Aleph) 006642180 | ||
| 090 |
_a4705636 _c4705636 |
||
| 100 | _a20110829d1978 |||y0rusy50 ca | ||
| 101 | 0 | _arus | |
| 102 | _aRU | ||
| 105 | _ay z ||||| | ||
| 200 | 1 |
_aПроект списка русских названий бактерий _eКлассы, порядки, семейства, роды _eК Пленар. сессии Центр. совета Всесоюз. микробиол. о-ва (Алма-Ата, 29-31 мая 1978 г.) _fСост. к. б. н. С.Ш. Тер-Казарьян |
|
| 210 |
_aЕреван _cБ. и. _d[1978] |
||
| 215 |
_a8 с. _d20 |
||
| 309 | _aБез тит. л. и обл. | ||
| 320 | _aБиблиогр.: с. 2 | ||
| 702 | 1 |
_aТер-Казарьян _bС. Ш. _4220 |
|
| 712 | 0 | 2 |
_aВсесоюзное микробиологическое о-во _bЦентральный совет _3RU\NLR\AUTH\889971638 |
| 801 | 0 |
_aRU _bNLR _gpsbo |
|
| 801 | 1 |
_aRU _bELAR _2rusmarc |
|
| 852 |
_aNLR _j78-4/23568 |
||
| 899 |
_aRuMoRGB _jБ 78-51/953 |
||
| 942 | _cBOOK | ||
| 980 | _aNB | ||